La enseñanza de la historia de la arquitectura : en las reuniones de docentes realizadas en Tucumán del 8 al 11 de abril 1957

Detalles Bibliográficos
Autor Corporativo: Universidad Nacional de Tucumán. Facultad de Arquitectura y Urbanismo. Instituto de Historia de la Arquitectura (Tucumán)
Formato: Libro
Lenguaje:Espa�ol
Publicado: Tucumán : [s.n.], [1957]
Materias:
Etiquetas: Agregar Etiqueta
Sin Etiquetas, Sea el primero en etiquetar este registro!

MARC

LEADER 00000nam#a22000001a#4500
001 00007081
003 AR-BaUAD
005 20230908140438.0
008 931213s1957####ag#||||##||||||||#||spa|d
040 |a AR-BaUAD  |b spa  |c AR-BaUAD 
041 |a spa 
044 |c ar  |2 ISO3166-1 
110 2 |a Universidad Nacional de Tucumán.  |b Facultad de Arquitectura y Urbanismo.  |b Instituto de Historia de la Arquitectura (Tucumán) 
245 1 3 |a La enseñanza de la historia de la arquitectura :  |b en las reuniones de docentes realizadas en Tucumán del 8 al 11 de abril 1957 
260 |a Tucumán :  |b [s.n.],  |c [1957] 
300 |a 3-128 p. 
653 |a TEORIA 
653 |a ARQUITECTURA 
653 |a PEDAGOGIA 
653 |a HISTORIA 
655 |a TEXTO 
852 |c 32-4 
952 |0 0  |1 0  |4 0  |6 324  |7 0  |9 9582  |a AR-BaUAD  |b AR-BaUAD  |d 0000-00-00  |e donac. U.T.  |g 30.00  |i 7081  |l 0  |o 32-4  |p p3usq7081  |r 2023-09-08 14:04:38  |w 2023-09-08  |y BK 
952 |0 0  |1 0  |4 0  |7 0  |9 9583  |a AR-BaUAD  |b AR-BaUAD  |d 0000-00-00  |e donac. U.T.  |g 30.00  |i 6-171 transfer. del IAA  |l 0  |p m1hoy6-171 transfer.  |r 2023-09-08 14:04:38  |w 2023-09-08  |y BK 
952 |0 0  |1 0  |4 0  |7 0  |9 9584  |a AR-BaUAD  |b AR-BaUAD  |d 0000-00-00  |e donac. Univ. Nac. Tucumán  |g 15.00  |i 3-73  |l 0  |p gqz8n3-73  |r 2023-09-08 14:04:38  |w 2023-09-08  |y BK 
990 |a Ej. No1 : 7081 . 8/8/1960 -- donac. U.T. -- (30 pesos).  |b ADM 
990 |a Ej. No3 : 6-171 transfer. del IAA . 18/8/1990 -- donac. U.T. -- (30 pesos).  |b ADM 
990 |a Ej. No4 : 3-73 . 13/6/1973 -- donac. Univ. Nac. Tucumán -- (15 pesos).  |b ADM 
990 |a AQ195  |b TD 
990 |a AAQ00007081  |b CC 
998 |a AAQ  |b Bibun 76 
942 |c BK 
999 |c 4384  |d 4384